|
|
|
|
| LEADER |
00000nam0a2200000 4500 |
| 001 |
66284 |
| 005 |
20231031071410.0 |
| 035 |
|
|
|a (RuTPU)RU\TPU\book\70450
|
| 035 |
|
|
|a RU\TPU\book\22174
|
| 090 |
|
|
|a 66284
|
| 100 |
|
|
|a 20040812d1991 m y0rusy50 ca
|
| 101 |
0 |
|
|a rus
|
| 102 |
|
|
|a RU
|
| 105 |
|
|
|a a j 000zy
|
| 200 |
1 |
|
|a Немецкий язык для всех
|e Книга для начинающих: учебное пособие
|f А. А. Попов
|
| 210 |
|
|
|a Москва
|c Высшая школа
|d 1991
|
| 215 |
|
|
|a 303 с.
|c ил.
|
| 610 |
1 |
|
|a немецкий язык
|
| 610 |
1 |
|
|a учебные пособия
|
| 610 |
1 |
|
|a грамматика
|
| 610 |
1 |
|
|a лексика
|
| 610 |
1 |
|
|a фонетика
|
| 610 |
1 |
|
|a устная речь
|
| 686 |
|
|
|a Ш143.24-922
|v LBC/SL-A
|2 rubbk
|
| 700 |
|
1 |
|a Попов
|b А. А.
|g Апеллий Алексеевич
|
| 801 |
|
0 |
|a RU
|b 63413507
|c 20011209
|g PSBO
|
| 801 |
|
2 |
|a RU
|b 63413507
|c 20230628
|g PSBO
|
| 942 |
|
|
|c BK
|